000 00439nam a22001697a 4500
999 _c12389
_d12389
008 210201b ||||| |||| 00| 0 eng d
082 0 0 _a621.4021
_bS6713
100 _970
_aSneeden, J.B.O.
245 1 0 _aApplied heat for engineers
_cBy J. B. O. Sneeden
250 _a4th ed.
260 _aLondon
_bBlackie
_c1971
300 _axv, 420p.
365 _d37.80
650 0 _aThermodynamics
700 _94542
_aKerr, S. V.
942 _cBK